000 00659nam a2200205Ia 4500
003 GCL
008 140319s9999 xx 000 0 ara d
040 _aGCL /
_cGCL
082 0 4 _a917
_bف ج
100 1 _aفتحى محمد ابوعيانة
245 1 0 _aجغرافية الامريكتين /
_cفتحى محمد ابوعيانة
700 1 _aمحمد الفتحى بكير
260 _a[S.N] :
_bدار المعرفة الجامعية ،
_c1994
300 _a477 ص
490 _a
650 0 4 _aالولايات المتحدة الامريكية
650 0 4 _aالجغرافيا
650 0 4 _aالجغرافيا البشرية
942 _2ddc
_cBK
999 _c34342
_d34342